Statistics for All Countries in Oceania by GDP - In Order

Click here to take the quiz!

General Stats

  • This quiz has been taken 106 times
  • The average score is 13 of 14

Answer Stats

GDP (USD)HintAnswer% Correct
1,3 TAAustralia
99%
200 BNNew Zealand
96%
21 BPPapua New Guinea
93%
5 BFFiji
91%
321 MPPalau
89%
186 MKKiribati
88%
844 MSSamoa
88%
1 BSSolomon Islands
88%
437 MTTonga
88%
40 MTTuvalu
88%
837 MVVanuatu
88%
329 MMF. S. Micronesia
87%
114 MNNauru
87%
199 MMMarshall Islands
86%

Score Distribution

Percentile by Number Answered

Percent of People with Each Score

Your Score History

You have not taken this quiz